000 00499nam a2200181Ia 4500
003 GCL
008 140319s9999 xx 000 0 eng d
040 _aGCL /
_cGCL
082 0 4 _a621.367
_bD M
100 1 _aDOUGHERTY,EDWARD R
245 1 0 _aMATHEMATICAL MORPHLOGY IN IMAGE PROCESSIONG /
_cDOUGHERTY,EDWARD R
260 _a[S.N] :
_bMARCEL DEKKER, INC ،
_c1992
300 _a530 P
650 0 4 _aSTATISTICAL METHODS
650 0 4 _aIMAGE PROCESSING
650 0 4 _aMATHEMATICS
942 _2ddc
_cBK
999 _c24016
_d24016